Desgracias sociales

Saved in:
書目詳細資料
主要作者: Pissarro, Camille (Author)
格式: 圖書
語言:西班牙语
出版: Madrid Casimiro Libros 2013
版:1a. ed
主題:
標簽: 添加標簽
沒有標簽, 成為第一個標記此記錄!

MARC

LEADER 00000cam a2200000 a 4500
001 UCE1142
003 CL-VaPUC
008 140331e20130000sp |||||||||||||||||spa|d
020 |a 9788415715221 
082 0 4 |a 759.05  |b PIS  |2 21 
100 0 |a Pissarro, Camille  |e author  |9 468777 
245 1 0 |a Desgracias sociales 
250 |a 1a. ed 
300 |a 69 p 
942 |c BK 
945 |d 20140331 09:48:00  |a dcastane 
260 |a Madrid  |b Casimiro Libros  |c 2013 
650 0 |a Pintura francesa  |9 266122 
650 0 |a Pintores franceses   |9 340354 
583 |a last modification  |c 20140331 09:48:00  |k Rodrigo Vera 
999 |c 355049  |d 355047 
952 |0 0  |1 0  |3 erb  |4 0  |6 759_050000000000000_PIS_2013  |7 0  |8 A  |9 461398  |a BIBART  |b BIBART  |i 5064856  |o 759.05 PIS 2013  |p 5064856  |r 2025-03-13  |w 2019-11-23  |y BK  |z Catalogado en:20140331  |k ART